Aspectos del devenir militante del revolucionario colombiano durante los setenta /
Gorde:
| Egile nagusia: | |
|---|---|
| Beste egile batzuk: | |
| Formatua: | Texto |
| Etiketak: |
Etiketa erantsi
Etiketarik gabe, Izan zaitez lehena erregistro honi etiketa jartzen!
|
MARC
| LEADER | 00000 a a2200000 04500 | ||
|---|---|---|---|
| 001 | 10212 | ||
| 003 | |||
| 040 | |||
| 100 | |a Zuleta, Mónica | ||
| 245 | |a Aspectos del devenir militante del revolucionario colombiano durante los setenta / |c Mónica Zuleta ; Alejandro Sánchez | ||
| 700 | |a Sánchez, Alejandro | ||
| 773 | |g número 30; páginas 74-91 | ||
| 999 | |c 39848 |d 39848 | ||
